| 000 | 00745nam a2200265Ia 4500 | ||
|---|---|---|---|
| 003 | OSt | ||
| 005 | 20221007062435.0 | ||
| 006 | a|||||r|||| 00| 0 | ||
| 007 | ta | ||
| 008 | 221006b |||||||| |||| 00| 0 eng d | ||
| 020 | _a8171110754 | ||
| 024 | _a2,467 | ||
| 037 | _cTextual | ||
| 040 |
_aFLL _cFLL _beng |
||
| 041 |
_2eng _aeng |
||
| 082 | _aZ2,5, N9.3 | ||
| 100 |
_aGour H.S. Au. _9682787 |
||
| 245 | 0 |
_aPenal law of india _b As amended by the information technology act, 2000 |
|
| 250 | _a11th | ||
| 260 |
_aAllahabad _bLaw Publishers (India) Pvt. Ltd. India _c2004 |
||
| 490 | _vVol.3 | ||
| 650 |
_aPenal law of india _9681475 |
||
| 942 |
_hZ2,5, N9.3 _cTEXL _2CC |
||
| 999 |
_c1128591 _d1128591 |
||